Marine environmental pollution. (Record no. 3339)
[ view plain ]
| 000 -LEADER | |
|---|---|
| fixed length control field | 03588cam a2200409 a 4500 |
| 006 - FIXED-LENGTH DATA ELEMENTS--ADDITIONAL MATERIAL CHARACTERISTICS--GENERAL INFORMATION | |
| fixed length control field | m o d |
| 007 - PHYSICAL DESCRIPTION FIXED FIELD--GENERAL INFORMATION | |
| fixed length control field | cr cn||||||||| |
| 008 - FIXED-LENGTH DATA ELEMENTS--GENERAL INFORMATION | |
| fixed length control field | 090728s1980 ne a ob 001 0 eng d |
| 020 ## - INTERNATIONAL STANDARD BOOK NUMBER | |
| International Standard Book Number | 9780444418470 |
| 020 ## - INTERNATIONAL STANDARD BOOK NUMBER | |
| International Standard Book Number | 0444418474 |
| 040 ## - CATALOGING SOURCE | |
| Original cataloging agency | IMU Kochi Library |
| Language of cataloging | eng |
| 041 0# - LANGUAGE CODE | |
| Language code of text/sound track or separate title | eng |
| 082 04 - DEWEY DECIMAL CLASSIFICATION NUMBER | |
| Classification number | 574.5/2636 |
| Edition number | 22 |
| 245 00 - TITLE STATEMENT | |
| Title | Marine environmental pollution. |
| Number of part/section of a work | 1, |
| Name of part/section of a work | Hydrocarbons / |
| 246 3# - VARYING FORM OF TITLE | |
| Title proper/short title | Hydrocarbons |
| 260 ## - PUBLICATION, DISTRIBUTION, ETC. (IMPRINT) | |
| Place of publication, distribution, etc | Amsterdam ; |
| -- | New York : |
| Name of publisher, distributor, etc | Elsevier Scientific Pub. Co. ; |
| Place of publication, distribution, etc | New York, N.Y. : |
| Name of publisher, distributor, etc | Distributors for the U.S. and Canada, Elsevier/North-Holland, |
| Date of publication, distribution, etc | 1980. |
| 300 ## - PHYSICAL DESCRIPTION | |
| Extent | 1 online resource (1 volume) : |
| Other physical details | illustrations |
| 490 1# - SERIES STATEMENT | |
| Series statement | Elsevier oceanography series ; |
| Volume number/sequential designation | v. 27, pt. 1 |
| 505 0# - FORMATTED CONTENTS NOTE | |
| Formatted contents note | By nature. Oil ecology / Carl H. Oppenheimer -- Naturally occuring hydrocarbons in the Gulf of Mexico and Caribbean Sea / Richard A. Geyer, Charles P. Giammona -- Sources of biogenic methane in the Gulf of Mexico / Bernie B. Bernard -- Gaseous and volatile liquid hydrocarbons in the marine environment with emphasis on the Gulf of Mexico / Theodor C. Sauer Jr., William M. Sackett -- Petroleum residues in the marine environment / Lela M. Jeffrey -- Geographic distribution of petroleum hydrocarbons in surficial bottom sediments of the Gulf of Mexico / Lewis R. Brown, Melvin Light, C. Douglas Minchew -- Biota near natural marine hydrocarbon seeps in the western Gulf of Mexico / Charles P. Giammona -- Ecology of a submarine petroleum seep off the California coast / Robert B. Spies, Paul H. Davis, Daniel H. Stuermer -- Distribution of hydrocarbon-oxidizing bacteria on the Georgia shelf area and oil-degrading activities / Carl H. Oppenheimer, Susain Siegel, Larry Day, Catherine Duncan -- Environmental effects of a natural brine seep at the East Flower Garden Bank, northwestern Gulf of Mexico / Thomas J. Bright, Eric N. Powell, Richard Rezak -- By man. Worldwide status of research on fate and effect of oil in the marine environment / H.R. Gould, C.B. Koons -- Processes affecting the fate of oil in the sea / Richard F. Lee -- Oil pollution in ice-covered Arctic waters / Gunter Weller -- Effects of oil and gas drilling operations on the marine environment / David A. Gettleson -- Environmental aspects of drilling muds and cuttings from oil and gas operations in offshore and coastal waters / Jack H. Thompson Jr., Eugene A. Shinn, Thomas J. Bright -- Effects of drilling mud o n the growth rate of reef-building coral, Montastrea Annularis / J. Harold Hudson, Daniel M. Robbin -- Drilling mud plumes from offshore drilling operations : implications for coral survival / E.A. Shinn, J.H. Hudson, D.M. Robbin, Carol K. Lee -- Evaluation of impacts of the "Saninena" explosion and Bunker C spill in Los Angeles Harbor, December 1976 / Dorothy F. Soule. |
| 504 ## - BIBLIOGRAPHY, ETC. NOTE | |
| Bibliography, etc | Includes bibliographical references and indexes. |
| 650 #0 - SUBJECT ADDED ENTRY--TOPICAL TERM | |
| Topical term or geographic name as entry element | Marine pollution. |
| 650 #6 - SUBJECT ADDED ENTRY--TOPICAL TERM | |
| Topical term or geographic name as entry element | Pollution marine. |
| 650 #7 - SUBJECT ADDED ENTRY--TOPICAL TERM | |
| Topical term or geographic name as entry element | marine pollution. |
| Source of heading or term | aat |
| 650 #7 - SUBJECT ADDED ENTRY--TOPICAL TERM | |
| Topical term or geographic name as entry element | Marine pollution. |
| Source of heading or term | fast |
| 700 1# - ADDED ENTRY--PERSONAL NAME | |
| Personal name | Geyer, Richard A. |
| 830 #0 - SERIES ADDED ENTRY--UNIFORM TITLE | |
| Uniform title | Elsevier oceanography series ; |
| Volume number/sequential designation | v. 27, pt. 1. |
| 852 ## - LOCATION/CALL NUMBER | |
| Location | IMU Kochi Library |
| 856 ## - ELECTRONIC LOCATION AND ACCESS | |
| Uniform Resource Identifier | <a href="https://www.sciencedirect.com/science/book/9780444418470">https://www.sciencedirect.com/science/book/9780444418470</a> |
| 856 ## - ELECTRONIC LOCATION AND ACCESS | |
| Uniform Resource Identifier | <a href="https://www.sciencedirect.com/science/bookseries/04229894/27/part/PA">https://www.sciencedirect.com/science/bookseries/04229894/27/part/PA</a> |
| 856 ## - ELECTRONIC LOCATION AND ACCESS | |
| Uniform Resource Identifier | <a href="https://www.sciencedirect.com/science/issue/40094-1980-999729999.7998-691121">https://www.sciencedirect.com/science/issue/40094-1980-999729999.7998-691121</a> |
| 904 ## - LOCAL DATA ELEMENT D, LDD (RLIN) | |
| CATALOGER | Rudra Ranjan |
| 905 ## - LOCAL DATA ELEMENT E, LDE (RLIN) | |
| VERIFIER | Rudra Ranjan |
| 942 ## - ADDED ENTRY ELEMENTS (KOHA) | |
| Item type | E-Book |
| 338 ## - | |
| -- | online resource |
| 650 #6 - SUBJECT ADDED ENTRY--TOPICAL TERM | |
| -- | (CaQQLa)201-0005872 |
| 650 #7 - SUBJECT ADDED ENTRY--TOPICAL TERM | |
| -- | (CStmoGRI)aat300055356 |
| 650 #7 - SUBJECT ADDED ENTRY--TOPICAL TERM | |
| -- | (OCoLC)fst01009826 |
No items available.